| 000 | 00507nam a2200169Ia 4500 | ||
|---|---|---|---|
| 999 |
_c12359 _d12359 |
||
| 003 | OSt | ||
| 005 | 20201113102026.0 | ||
| 008 | 190216s9999||||xx |||||||||||||| ||und|| | ||
| 040 | _coclc | ||
| 082 |
_a820 _bGLA/G |
||
| 100 |
_aGlassey, Stanley C _96280 |
||
| 245 | 4 |
_aThe Groundwork Of English Composition / _cStanley C Glassey |
|
| 260 |
_bOxford University Press, _c1964. _aLondon: |
||
| 300 | _a304p | ||
| 650 | _aEnglish Literature | ||
| 942 |
_cBK _2ddc _h820 _iGLA/G _k820 _mGLA/G |
||